000
00475nam a2200181Ia 4500
008
100917s9999 xx 000 0 und d
082
_b
49206
100
_a
दुर्गेश
245
_a
सूर्यपंख
260
_b
वसुधा प्रकाशन
_c
1980
300
_a
56
365
_b
7
520
_a
कविता
630
_a
सूर्यपंख
650
_a
कविता
730
_a
सूर्यपंख
942
_c
BOOK
999
_c
654600
_d
654597